Herederos del Planeta (Registro nro. 7916)

Detalles MARC
000 -CABECERA
Campo de control 00713nmm a22001817a 4500
005 - FECHA Y HORA DE LA ULTIMA TRANSACCION
Campo de control 20131210085115.0
008 - ELEMENTOS DE LONGITUD FIJA—INFORMACION GENERAL
Campo de control 131126b2010 ck ||||| |||| 00| 0 spa d
041 ## - IDIOMA
Código de idioma para texto/pista de sonido o título separado Español
044 ## - PAÍS DE PUBLICACIÓN
País de publicación Colombia
090 ## - CLASIFICACIÓN LOCAL
Colección LB
Consecutivo 05828
110 ## - ASIENTO PRINCIPAL--NOMBRE CORPORATIVO
Nombre corporativo o de jurisdicción como elemento de entrada Tunel
245 ## - MENCION DE TITULO
Título Herederos del Planeta
260 ## - PUBLICACION, DISTRIBUCION, ETC. (PIE DE IMPRENTA)
Lugar de publicación, distribución, etc. Antioquia
Nombre del editor, distribuidor, etc. Instituto Nacional de vias
-- Área metropolitana del valle de Aburrá
-- Gobernación de Antioquia
-- CORANTIOQUIA
-- Alcaldía de Medellín
Fecha de publicación, distribución, etc. 2011
300 ## - DESCRIPCION FISICA
Extensión 39 min.
Dimensiones 13 cm
520 ## - NOTA DE RESUMEN, ETC.
Nota de resumen Herederos del planeta es un espacio de reflexión entorno a una ecuación simple: ECUACIÓN AMBIENTAL + MAESTROS COMPROMETIDOS + NUEVAS DIDACTICAS
856 ## - LOCALIZACION Y ACCESO ELECTRONICOS
Identificador Uniforme del Recurso http://herederosdelplaneta.wordpress.com/
942 ## - ELEMENTOS ADICIONALES (KOHA)
Sistema de clasificación Dewey Decimal Classification
Tipo de ítem CD-ROM
Existencias
Withdrawn status Lost status Sistema de Clasificación Damaged status No para préstamo Colección Ubicación Permanente Ubicación actual Fecha de adquisición Total Checkouts Número topográfico Inventario / Código de Barras Date last seen Ejemplar Price effective from Forma de adquisición Tipo de material
    Local     Audiovisual Bogotá Bogotá 26/11/2013   LB-05828 058990 26/11/2013 Ej. 1 26/11/2013   CD-ROM